Geografía de la población (Registro nro. 3126)

Detalles MARC
000 -LEADER
fixed length control field 00872 a2200193 4500
001 - CONTROL NUMBER
control field 39892
005 - DATE AND TIME OF LATEST TRANSACTION
control field 20260407155655.0
008 - FIXED-LENGTH DATA ELEMENTS--GENERAL INFORMATION
fixed length control field 260407a1968 arg spa d
003 - CONTROL NUMBER IDENTIFIER
control field AR-UNSa-BCEJYS
040 ## - CATALOGING SOURCE
Original cataloging agency AR-UNSa-BCEJYS
Language of cataloging spa
Transcribing agency AR-UNSa-BCEJYS
080 ## - UNIVERSAL DECIMAL CLASSIFICATION NUMBER
Universal Decimal Classification number 911.3
Common auxiliary subdivision Geografía humana. Geografía de los factores culturales
100 1# - MAIN ENTRY--PERSONAL NAME
Personal name George, Pierre
245 10 - TITLE STATEMENT
Title Geografía de la población
264 #1 - PRODUCTION, PUBLICATION, DISTRIBUTION, MANUFACTURE, AND COPYRIGHT NOTICE
Place of production, publication, distribution, manufacture Buenos Aires :
Name of producer, publisher, distributor, manufacturer EUDEBA (Editorial Universitaria de Buenos Aires)
Date of production, publication, distribution, manufacture, or copyright notice 1968
300 ## - PHYSICAL DESCRIPTION
Extent 124 p.
Dimensions 19 cm.
505 ## - FORMATTED CONTENTS NOTE
Formatted contents note Parte I: Distribución de la población : 1. Diversidad y desigual ocupación de la ecumene - 2. Población y desarrollo desigual - 3. Las formas de implementación de la población - Parte II: Perspectivas : 1. El crecimiento natural - 2. Las migraciones de población - Conclusión
590 ## - LOCAL NOTE (RLIN)
Local note niveau_biblio:m niveau_hierar:0
942 ## - ADDED ENTRY ELEMENTS (KOHA)
Koha item type
Existencias
Withdrawn status Lost status Damaged status Not for loan Home library Current library Shelving location Date acquired Total checkouts Full call number Barcode Date last seen Price effective from Koha item type
        Biblioteca Prof. Eusebio Cleto del Rey Biblioteca Prof. Eusebio Cleto del Rey   07/04/2026   911.3 G346 L21927 07/04/2026 07/04/2026 Libro